[Event "KEN Nat Team Selection (Women)"]
[Site "Ruaraka"]
[Date "2023.01.28"]
[Round "8"]
[White "Muturi, Erica Mumbi"]
[Black "Obondo, Cynthia Awino"]
[Result "0-1"]
[WhiteElo "1015"]
[BlackElo "1471"]
[PlyCount "90"]
[EventDate "2023.01.20"]
[EventType "tourn"]
[EventRounds "11"]
[EventCountry "KEN"]
[SourceTitle "CBM 213 Extra"]
[Source "ChessBase"]
[SourceDate "2023.05.31"]
[SourceVersion "1"]
[SourceVersionDate "2023.05.31"]
[SourceQuality "1"]

1. e4 e6 2. Nf3 d5 3. Nc3 Nf6 4. e5 Nfd7 5. d4 c5 6. Bg5 Qb6 7. Na4 Qa5+ 8. c3 cxd4 9. b4 Qc7 10. cxd4 Bxb4+ 11. Nd2 Nc6 12. Rc1 Qa5 13. Qc2 0-0 14. Be3 Nxd4 15. Bxd4 Bxd2+ 16. Qxd2 Qxa4 17. Be2 b6 18. 0-0 Ba6 19. Bd1 Qa3 20. Re1 Rac8 21. Bc2 Rfe8 22. Re3 Qe7 23. Rh3 Nf8 24. Be3 Ng6 25. Bg5 Qb7 26. Bh6 f6 27. Bf4 f5 28. Bd1 Rxc1 29. Qxc1 Rc8 30. Qd2 Qc7 31. Be3 f4 32. Bd4 Qc1 33. Qe1 Qb1 34. Rb3 Qf5 35. Qd2 Qg5 36. h3 Bc4 37. Rc3 Rf8 38. Bg4 Re8 39. Rf3 Qh4 40. Rc3 h6 41. g3 Qg5 42. Rf3 Nxe5 43. Rxf4 Nxg4 44. hxg4 e5 45. Bxe5 Rxe5 0-1

[Event "KEN Nat Team Selection (Women)"]
[Site "Ruaraka"]
[Date "2023.01.28"]
[Round "9"]
[White "Obondo, Cynthia Awino"]
[Black "Madelta, Glenda"]
[Result "1/2-1/2"]
[WhiteElo "1471"]
[BlackElo "1600"]
[PlyCount "78"]
[EventDate "2023.01.20"]
[EventType "tourn"]
[EventRounds "11"]
[EventCountry "KEN"]
[SourceTitle "CBM 213 Extra"]
[Source "ChessBase"]
[SourceDate "2023.05.31"]
[SourceVersion "1"]
[SourceVersionDate "2023.05.31"]
[SourceQuality "1"]

1. e4 e6 2. d4 d5 3. Nc3 Nf6 4. exd5 exd5 5. Bg5 Be7 6. Bd3 Be6 7. Nf3 Nc6 8. Qd2 h6 9. Bf4 a6 10. a3 Bd6 11. 0-0 Bxf4 12. Qxf4 g5 13. Qe3 Ng4 14. Qe2 Qd6 15. g3 0-0-0 16. b4 f5 17. b5 Nb8 18. bxa6 Nxa6 19. Nb5 Qb6 20. Rfb1 Bd7 21. Nxc7 Qxc7 22. Bxa6 Bc6 23. Bb5 Nf6 24. Qe6+ Qd7 25. Qxd7+ Bxd7 26. Bxd7+ Rxd7 27. Rb6 Ne4 28. Rab1 Nc3 29. R1b4 Rdh7 30. Ne5 Rc7 31. Kf1 Na2 32. Rb2 Nc3 33. R2b4 Na2 34. Ra4 Kb8 35. c4 Nc3 36. Rab4 dxc4 37. Rxc4 Rxc4 38. Nxc4 Kc7 39. Re6 Nb5 1/2-1/2

[Event "KEN Nat Team Selection (Women)"]
[Site "Ruaraka"]
[Date "2023.01.27"]
[Round "7"]
[White "Obondo, Cynthia Awino"]
[Black "Ndirangu, Joyce Nyaruai"]
[Result "1-0"]
[WhiteElo "1471"]
[BlackElo "1660"]
[PlyCount "84"]
[EventDate "2023.01.20"]
[EventType "tourn"]
[EventRounds "11"]
[EventCountry "KEN"]
[SourceTitle "CBM 213 Extra"]
[Source "ChessBase"]
[SourceDate "2023.05.31"]
[SourceVersion "1"]
[SourceVersionDate "2023.05.31"]
[SourceQuality "1"]

1. d4 Nf6 2. Nf3 g6 3. e3 Bg7 4. Bd3 c5 5. 0-0 Nc6 6. b3 0-0 7. Bb2 cxd4 8. exd4 d5 9. Nbd2 Nb4 10. Be2 Bf5 11. c4 Bc2 12. Qc1 Bf5 13. Qc3 a5 14. a3 Nc6 15. Ne5 Rc8 16. c5 Nxe5 17. dxe5 Nd7 18. b4 Bxe5 19. Qb3 Qc7 20. Nf3 Bxb2 21. Qxb2 Nf6 22. Rac1 axb4 23. axb4 b6 24. c6 Ra8 25. b5 Ne4 26. Ra1 Nc5 27. Rfd1 Rxa1 28. Rxa1 Rd8 29. Ne5 f6 30. Nf3 e5 31. Qa2 Kf7 32. Nd2 Be6 33. f3 Ke7 34. Qa3 Rb8 35. Nb3 Kd6 36. Rc1 Bc8 37. Nxc5 bxc5 38. Qxc5+ Ke6 39. Kf1 Qb6 40. Qa3 Qc7 41. Ra1 e4 42. fxe4 Qf4+ 1-0

[Event "KEN-ch (Women)"]
[Site "Nairobi"]
[Date "2022.12.29"]
[Round "7"]
[White "Obondo, Cynthia Awino"]
[Black "Muthoni, Vivian"]
[Result "0-1"]
[WhiteElo "1473"]
[BlackElo "1128"]
[PlyCount "70"]
[EventDate "2022.12.26"]
[EventType "swiss"]
[EventRounds "9"]
[EventCountry "KEN"]
[SourceTitle "EXT 2024"]
[Source "ChessBase"]
[SourceDate "2023.10.10"]
[SourceVersion "1"]
[SourceVersionDate "2023.10.10"]
[SourceQuality "1"]

1. d4 Nf6 2. e3 g6 3. f4 d6 4. Nf3 Bg7 5. b3 c5 6. Bb2 Bf5 7. Bb5+ Bd7 8. Bd3 Nc6 9. 0-0 cxd4 10. exd4 Nd5 11. Qd2 Bg4 12. Bb5 0-0 13. Bxc6 bxc6 14. c4 Nf6 15. Nc3 e6 16. h3 Bxf3 17. Rxf3 d5 18. g4 dxc4 19. bxc4 Rb8 20. Ba3 Re8 21. Rd1 Qc7 22. g5 Nh5 23. Ne4 Qd7 24. Bd6 Rbc8 25. c5 f5 26. Nc3 Qb7 27. Rb1 Qd7 28. Na4 Bf8 29. Be5 Rcd8 30. Qa5 Qd5 31. Rfb3 Ra8 32. Qe1 Nxf4 33. R3b2 Nh5 34. Nc3 Qd8 35. Rb7 Qxg5+ 0-1

[Event "KEN-ch (Women)"]
[Site "Nairobi"]
[Date "2022.12.28"]
[Round "5"]
[White "Obondo, Cynthia Awino"]
[Black "Ngima, Cheryl"]
[Result "1-0"]
[WhiteElo "1473"]
[BlackElo "1371"]
[PlyCount "67"]
[EventDate "2022.12.26"]
[EventType "swiss"]
[EventRounds "9"]
[EventCountry "KEN"]
[SourceTitle "EXT 2024"]
[Source "ChessBase"]
[SourceDate "2023.10.10"]
[SourceVersion "1"]
[SourceVersionDate "2023.10.10"]
[SourceQuality "1"]

1. e4 c5 2. c4 e6 3. Nc3 Nc6 4. g3 Nf6 5. Bg2 Ne5 6. d3 d6 7. Nge2 Bd7 8. h3 Bc6 9. f4 Ned7 10. Be3 Nb6 11. 0-0 d5 12. cxd5 exd5 13. e5 Nfd7 14. Bf2 Rc8 15. a4 d4 16. Ne4 Be7 17. Be1 Nd5 18. Bd2 a5 19. Re1 0-0 20. Qb3 Nb4 21. Bxb4 axb4 22. Rec1 Qa5 23. Qd1 Nb6 24. Nd2 Bxg2 25. Kxg2 Nd5 26. Nc4 Qc7 27. Kf2 Qd7 28. Ng1 f6 29. Qh5 fxe5 30. Nxe5 Qf5 31. Qxf5 Rxf5 32. Ngf3 Ne3 33. Nxd4 Nd5 34. Nxf5 1-0

[Event "Olympiad Women-44"]
[Site "Chennai"]
[Date "2022.08.01"]
[Round "4.1"]
[White "Obondo, Cynthia Awino"]
[Black "Magno, Angelica"]
[Result "1-0"]
[WhiteElo "1439"]
[BlackElo "1211"]
[PlyCount "131"]
[EventDate "2022.07.29"]
[EventType "team-swiss"]
[EventRounds "11"]
[EventCountry "IND"]
[SourceTitle "CBM 210"]
[Source "ChessBase"]
[SourceDate "2022.10.31"]
[SourceVersion "1"]
[SourceVersionDate "2022.10.31"]
[SourceQuality "1"]
[WhiteTeam "Kenya (W)"]
[BlackTeam "Palau (W)"]
[WhiteTeamCountry "KEN"]
[BlackTeamCountry "PAL"]

1. d4 Nf6 2. Nf3 d6 3. e3 g6 4. Bd3 Bg7 5. 0-0 0-0 6. b3 b6 7. Bb2 Bb7 8. Nbd2 Nc6 9. c4 Nb4 10. Bb1 c5 11. a3 Nc6 12. d5 Nb8 13. Qe2 Ba6 14. Bd3 e5 15. dxe6 fxe6 16. Rad1 Nc6 17. Ng5 Qe7 18. f4 Rae8 19. Rf3 Bc8 20. h3 e5 21. Nde4 Ng4 22. hxg4 Bxg4 23. fxe5 Bxf3 24. Nxf3 Nxe5 25. Nxe5 Bxe5 26. Bxe5 Qxe5 27. Rf1 Rf7 28. Rf2 Rxf2 29. Qxf2 Rf8 30. Qf1 Kg7 31. Qc1 Qf4 32. Nc3 Qg3 33. Ne4 Qe5 34. a4 a5 35. Nc3 Qg3 36. Qd2 Qe5 37. Be4 h5 38. Bf3 Re8 39. e4 h4 40. Nb5 Rd8 41. Qc3 Rf8 42. Qxe5+ dxe5 43. Nc7 Rh8 44. Kh2 g5 45. Kh3 Rh7 46. Kg4 Kg6 47. Nd5 Rb7 48. Kh3 Kh6 49. Bg4 Rf7 50. Bf5 Rg7 51. Ne3 Re7 52. Nd5 Re8 53. Kg4 Rf8 54. Ne7 Rd8 55. Nd5 Rf8 56. Kf3 Kh5 57. Ke2 g4 58. Ne3 g3 59. Ng4 Kg5 60. Nxe5 Re8 61. Nf3+ Kh5 62. Ke3 Rd8 63. e5 Rd1 64. e6 Rf1 65. e7 Rf2 66. e8Q+ 1-0

[Event "Olympiad Women-44"]
[Site "Chennai"]
[Date "2022.07.29"]
[Round "1.2"]
[White "Obondo, Cynthia Awino"]
[Black "Ciolacu, Alessia Mihaela"]
[Result "1-0"]
[WhiteElo "1439"]
[BlackElo "2163"]
[PlyCount "147"]
[EventDate "2022.07.29"]
[EventType "team-swiss"]
[EventRounds "11"]
[EventCountry "IND"]
[SourceTitle "CBM 210"]
[Source "ChessBase"]
[SourceDate "2022.10.31"]
[SourceVersion "1"]
[SourceVersionDate "2022.10.31"]
[SourceQuality "1"]
[WhiteTeam "Kenya (W)"]
[BlackTeam "Romania (W)"]
[WhiteTeamCountry "KEN"]
[BlackTeamCountry "ROU"]

1. d4 Nf6 2. Nf3 b6 3. e3 Bb7 4. Bd3 g6 5. Nbd2 c5 6. b3 Bg7 7. Bb2 0-0 8. 0-0 Nc6 9. a3 Nh5 10. Re1 d5 11. g3 e6 12. Bf1 Rc8 13. c4 cxd4 14. exd4 Nf6 15. Bg2 dxc4 16. Nxc4 Na5 17. Nxa5 bxa5 18. Rc1 Qb6 19. Qd3 Ba6 20. Qd1 Rxc1 21. Bxc1 Nd5 22. Bb2 Rb8 23. Nd2 Bxd4 24. Bxd4 Qxd4 25. Bxd5 Qxd5 26. Qc2 e5 27. Qc3 Rc8 28. Qb2 Bb7 29. Ne4 Kg7 30. f3 f5 31. Nd2 Re8 32. Kg2 Kg8 33. Qc3 e4 34. fxe4 fxe4 35. Qe3 Rd8 36. Re2 Rf8 37. Rf2 Rd8 38. Nc4 Qd3 39. Rd2 Qxd2+ 40. Nxd2 Rxd2+ 41. Kh3 Bc8+ 42. Kh4 Rd5 43. g4 Bb7 44. Qxa7 Rd7 45. Qb8+ Kf7 46. Qh8 Ke6 47. Qe8+ Re7 48. Qb5 e3 49. Qe2 Kd7 50. Kg3 Re5 51. h4 Bc6 52. a4 h6 53. Kf4 Re4+ 54. Kg3 Kd6 55. Qd3+ Kc7 56. Qe2 Kb6 57. Kh2 g5 58. hxg5 hxg5 59. Kg1 Re5 60. Kf1 Bb7 61. Ke1 Ba6 62. Qd1 Re6 63. Qd5 Bc8 64. Qxg5 e2 65. Qb5+ Kc7 66. Qxa5+ Kd7 67. g5 Ba6 68. b4 Bc4 69. Qa7+ Ke8 70. Qc5 Bb3 71. a5 Bd1 72. b5 Re7 73. g6 Re6 74. g7 1-0

[Event "FIDE World Uni Blitz-C 1st"]
[Site "Tornelo INT"]
[Date "2021.03.13"]
[Round "1.26"]
[White "Quirhuayo Chumbe, German Gonzalo"]
[Black "Obondo, Cynthia Awino"]
[Result "1-0"]
[WhiteElo "2296"]
[BlackElo "1298"]
[PlyCount "39"]
[EventDate "2021.03.13"]
[EventType "swiss (blitz)"]
[EventRounds "10"]
[EventCountry "NET"]
[SourceTitle "EXT 2022"]
[Source "ChessBase"]
[SourceDate "2021.10.06"]
[SourceVersion "1"]
[SourceVersionDate "2021.10.06"]
[SourceQuality "1"]

1. e4 e6 2. d4 d5 3. Nc3 Nf6 4. Bg5 Be7 5. e5 Nfd7 6. h4 c5 7. Bxe7 Qxe7 8. Nb5 Na6 9. Nd6+ Kd8 10. Bxa6 bxa6 11. f4 Rb8 12. Qd2 cxd4 13. Nf3 Nb6 14. Nxd4 Bd7 15. 0-0-0 f6 16. Qa5 fxe5 17. fxe5 Rf8 18. Qxa6 g5 19. Qxa7 Qxd6 20. exd6 1-0

[Event "All Africa Games Kenya qual (Women)"]
[Site "Nairobi"]
[Date "2019.02.02"]
[Round "3.6"]
[White "Kungu, Ann"]
[Black "Obondo, Cynthia Awino"]
[Result "1-0"]
[WhiteElo "1190"]
[BlackElo "1363"]
[PlyCount "95"]
[EventDate "2019.02.01"]
[EventType "swiss"]
[EventRounds "6"]
[EventCountry "KEN"]
[SourceTitle "EXT 2024"]
[Source "ChessBase"]
[SourceDate "2023.10.10"]
[SourceVersion "1"]
[SourceVersionDate "2023.10.10"]
[SourceQuality "1"]

1. Nf3 Nf6 2. c4 e6 3. g3 b6 4. Bg2 Bb7 5. 0-0 Be7 6. b3 d5 7. Bb2 a5 8. e3 Na6 9. d4 0-0 10. Nc3 Ng4 11. cxd5 exd5 12. h3 Nf6 13. a3 Re8 14. Re1 Qd7 15. Ne5 Qc8 16. Ne2 Ne4 17. Nf4 f6 18. Nf3 Bd6 19. Rc1 Qd7 20. Nd2 Rad8 21. Nxe4 dxe4 22. Qg4 Qxg4 23. hxg4 Kf7 24. Bf1 Nb8 25. Bc4+ Ke7 26. Ne6 g6 27. Nxd8 Rxd8 28. Kg2 Bc8 29. Be2 Be6 30. b4 axb4 31. axb4 Bxb4 32. Rxc7+ Kd6 33. Rec1 Bd7 34. Rb7 Ba5 35. Ba3+ Kd5 36. Bc4+ Kc6 37. Ba6+ Kd5 38. Be2 h6 39. Rcc7 Bc6 40. Ra7 f5 41. gxf5 gxf5 42. Rf7 Bd7 43. Rc7 b5 44. Rc5+ Ke6 45. Rh7 Bc7 46. Rxc7 Na6 47. Rxh6+ Kd5 48. Rxa6 1-0

[Event "Africa-ch U20 Girls"]
[Site "Entebbe"]
[Date "2019.01.04"]
[Round "8"]
[White "Obondo, Cynthia Awino"]
[Black "Nakanyike, Maria"]
[Result "1-0"]
[WhiteElo "1383"]
[BlackElo "1338"]
[PlyCount "39"]
[EventDate "2018.12.29"]
[EventType "tourn"]
[EventRounds "9"]
[EventCountry "UGA"]
[SourceTitle "CBM 188 Extra"]
[Source "ChessBase"]
[SourceDate "2019.02.26"]
[SourceVersion "1"]
[SourceVersionDate "2019.02.26"]
[SourceQuality "1"]

1. d4 d5 2. Nf3 Nf6 3. e3 Bd7 4. Bd3 e6 5. Nbd2 Bd6 6. b3 Nc6 7. a3 h6 8. Bb2 a6 9. 0-0 0-0 10. Qe2 Rb8 11. Ne5 Qe7 12. f4 Rfe8 13. Rf3 Na7 14. Rh3 Bxe5 15. dxe5 Nh7 16. Qg4 Kh8 17. Nf3 Nc6 18. Nh4 g5 19. Qh5 gxh4 20. Qxh6 1-0